000 01029nam a2200277 a 4500
001 000049201
003 DO-SdBNP
005 20250716102907.0
008 190726s 2018 dr 000 0 spa d
020 _a9789945582697
040 _aDO-SdBNP
_bspa
_cBNPHU
082 4 _aBNPHU RD864.5
_bH565e 2018
100 1 _aHerrera, Jochy,
_d1958-
_965251
245 1 0 _aEstrictamente corpóreo /
_cJochy Herrera ; prólogo José Alcántara Almánzar.
260 _aSanto Domingo :
_bBanco Central de la República Dominicana,
_c2018.
300 _a573 p. :
_c24 cm.
_bil ;
490 0 _aBanco Central de la República Dominicana
_v247
_aArte y literatura
_v92
500 _aIncluye datos biográficos del autor en las solapas
590 _aInventariado, 2019/VM
650 1 0 _aEnsayos dominicanos
_965
650 1 0 _aLiteratura dominicana.
_967
700 1 _aAlcántara Almánzar, José
_d1946-
_epról.
_97018
710 2 _aBanco Central de la República Dominicana
_983405
910 _aValidado. Control de Calidad/MAA
942 _2ddc
_cLBS1
999 _c48689
_d48689